Visualizzazione normale
Vista MARC
- Panzeri Mario
di Personal Name
Records bibliografici associati: 1
001 - CONTROL NUMBER
- control field: 6883
003 - CONTROL NUMBER IDENTIFIER
- control field: IT-RoPau
005 - DATE AND TIME OF LATEST TRANSACTION
- control field: 20131231165556.0
008 - FIXED-LENGTH DATA ELEMENTS
- fixed length control field: 131231|| aca||aabn | a|a d
040 ## - CATALOGING SOURCE
- Original cataloging agency: IT-RoPau
- Transcribing agency: IT-RoPau
100 ## - HEADING--PERSONAL NAME
- Personal name: Panzeri Mario
- Miscellaneous information: Codice autore SPICS: 13372
- Relator term: Autore
- Name of part/section of a work: Aveva un bavero
670 ## - SOURCE DATA FOUND
- Source citation: Work cat.: (IT-RoPau)99910: AA.VV. 794, Cocktail sulla tastiera (Lp Vpas 879)